Teamwork from the inside out fieldbook : (Record no. 3037)

MARC details
000 -LEADER
fixed length control field 01111cam a22002054a 4500
020 ## - INTERNATIONAL STANDARD BOOK NUMBER
ISBN 089106172X (pbk.)
050 00 - CALL NUMBER
Classification number HD66
Item number .N367
100 1# - AUTHOR
Personal name Nash, Susan M.,
245 10 - TITLE
Title Teamwork from the inside out fieldbook :
Remainder of title exercises and tools for turning team performance inside out /
Statement of responsibility, etc Susan Nash and Courtney Bolin.
260 ## - PUBLICATION INFORMATION
Place of publication Palo Alto, Calif. :
Name of publisher Davies-Black Pub.,
Year of publication c2003.
300 ## - DESCRIPTION
Number of Pages xxii, 328 p. :
Other physical details ill. ;
Dimensions 23 cm.
500 ## - NOTES
General note "A workbook and companion to the original book Turning team performance inside out"--P. xxi.
505 ## - FORMATTED CONTENTS NOTE
Table of Content Meet the players: keys to diagnosing temperament --<br/>keys to diagnosing cognitive processes and functions --<br/>keys to diagnosing working style. Building your dream team: where is your team now? --<br/>creating a cohesive strategy --<br/>establishing clear roles and responsibilities --<br/>promoting open communication --<br/>enacting rapid response --<br/>providing effective leadership in the 21st century.
650 #0 - SUBJECTS
Topical Term Teams in the workplace.
650 #0 - SUBJECTS
Topical Term Performance.
650 #0 - SUBJECTS
Topical Term Leadership.
700 1# - OTHER AUTHORS
Personal name Bolin, Courtney,
700 1# - OTHER AUTHORS
Personal name Nash, Susan M.,
942 ## - ADDED ENTRY ELEMENTS (KOHA)
Koha item type Books
Holdings
Withdrawn status Lost status Collection code Home library Current library Shelving location Date acquired Full call number Accession Number Koha item type
    Reference Methodist University Library Main Methodist University Library Main General Stacks 02/07/2013 HD66 .N367 37954 Books
    Reference Methodist University Library Main Methodist University Library Main General Stacks 02/07/2013 HD66 .N367 37960 Books
Copyright © 2026  MUG Library